| 000 | 02739cam a22004214a 4500 | ||
|---|---|---|---|
| 999 |
_c331912 _d331912 |
||
| 001 | 13694468 | ||
| 003 | NUST | ||
| 005 | 20180125094506.0 | ||
| 008 | 040820s2005 njua b 001 0 eng | ||
| 010 | _a 2004019935 | ||
| 020 | _a0471650714 (cloth) | ||
| 035 | _a(DNLM)101227552 | ||
| 040 |
_aDNLM/DLC _cDLC _dDLC |
||
| 042 | _apcc | ||
| 050 | 0 | 0 |
_aQR48 _b.B53 2005 |
| 060 | 1 | 0 |
_aQW 80 _bB624w 2005 |
| 082 | 0 | 0 |
_a628.301 BIT _222 |
| 100 | 1 |
_aBitton, Gabriel. _95831 |
|
| 245 | 1 | 0 |
_aWastewater microbiology / _cGabriel Bitton. |
| 250 | _a3rd ed. | ||
| 260 |
_aHoboken, N.J. : _bWiley-Liss, John Wiley & Sons, _cc2005. |
||
| 300 |
_axiv, 746 p. : _bill. ; _c26 cm. |
||
| 500 | _aH.P | ||
| 504 | _aIncludes bibliographical references and index. | ||
| 505 | 0 | _aThe microbial world -- Microbial metabolism and growth -- Role of microorganisms in biogeochemical cycles -- Pathogens and parasites in domestic wastewater -- Microbial indicators of fecal contamination -- Water and wastewater disinfection -- Introduction to wastewater treatment -- Activated sludge process -- Bulking and foaming in activated sludge plants -- Processes based on attached microbial growth -- Waste stabilizations ponds -- Sludge microbiology -- Anaerobic digestion of wastewater and biosolids -- Bioaerosols and bioodors from wastewater treatment plants -- Microbiological aspects of drinking water treatment -- Microbiological aspects of drinking water distribution -- Bioterrorism and drinking water safety -- Pollution control biotechnology -- Fate of xenobiotics and toxic metals in wastewater treatment plants -- Toxicity testing in wastewater treatment plants using microorganisms -- Public health aspects of wastewater and biosolids disposal on land -- Public health aspects of wastewater and biosolids disposal in the marine environment. | |
| 650 | 0 |
_aSanitary microbiology. _92527 |
|
| 650 | 0 |
_aWater _xMicrobiology. _95833 |
|
| 650 | 0 |
_aSewage _xMicrobiology. _95834 |
|
| 650 | 1 | 2 |
_aSewage _xmicrobiology. _95834 |
| 650 | 1 | 2 |
_aWater Microbiology. _95836 |
| 650 | 2 | 2 |
_aSafety Management. _95837 |
| 650 | 2 | 2 |
_aWater Purification _xmethods. _95838 |
| 856 | 4 | 1 |
_3Table of contents only _uhttp://www.loc.gov/catdir/toc/ecip0422/2004019935.html |
| 856 | 4 | 2 |
_3Contributor biographical information _uhttp://www.loc.gov/catdir/enhancements/fy0616/2004019935-b.html |
| 856 | 4 | 2 |
_3Publisher description _uhttp://www.loc.gov/catdir/enhancements/fy0616/2004019935-d.html |
| 906 |
_a7 _bcbc _corignew _d1 _eecip _f20 _gy-gencatlg |
||
| 942 |
_2ddc _cREF _kIESE |
||